Joueurs sénégalais ayant joué à l'OM - Statistiques

Statistiques générales
  • Ce quiz a été pris 15 fois
  • Le résultat moyen est 9 sur 24
Statistiques - réponses
Année d'arrivée Année de départ Club précédant Club suivant Nombre de match Joueurs % Correct
2023 2024 FC Watford Crystal Palace 35 Ismaïla Sarr
93%
1975 1979 Sporting Club de Toulon Paris Saint-Germain 169 Boubacar Sarr
87%
2015 2020 FC Metz Bayern Munich 181 Bouna Sarr
87%
2023 2024 Sheffield United FC Everton 46 Iliman Ndiaye
80%
2021 2023 Diambars de Saly FC FC Lorient 54 Bamba Dieng
73%
2004 2013 Louhans-Cuiseaux FC Sans club 16 Leyti N'Diaye
73%
2004 2008 Olympique de Marseille U19 US Boulogne 4 Mame N'Diaye
73%
2020 2024 Le Havre AC Villarreal CF 115 Pape Gueye
73%
2003 2005 LOSC Lille UD Levante 62 Sylvain N'Diaye
73%
2005 2010 RC Strasbourg Alsace Fenerbahçe SK 227 Mamadou Niang
60%
2009 2014 FC Girondins de Bordeaux OGC Nice 164 Souleymane Diawara
60%
2003 2007 RC Strasbourg Alsace Newcastle United 174 Habib Beye
53%
2005 2007 Olympique de Marseille B FC Libourne Saint-Seurin 1 Khalifa Ba
27%
2013 2015 CFR Cluj Sheffield Wednesday 16 Modou Sougou
7%
2005 2007 Olympique de Marseille U19 Odense BK 1 Moustapha Papa Diop
7%
1983 1990 AS Pikine SC Bastia 184 Abdoulaye Diallo
0%
2005 2007 Olympique de Marseille B Al-Ain FC 1 Djime N'Gom
0%
2007 2008 Stade Rennais FC FC Sochaux-Montbéliard 17 Jacques Faty
0%
1999 1999 Toulouse FC Stade Rennais FC 0 Lamine Diatta
0%
2002 2005 RC Lens AS Saint-Etienne 46 Lamine Sakho
0%
1987 1988 Sonacos de Diourbel SM Caen 19 Pape Fall
0%
2007 2013 Olympique de Marseille B Panthrakikos FC 12 Pape M'Bow
0%
2000 2002 Olympique de Marseille B AS Cannes 2 Papys M'Bodji
0%
2003 2007 Olympique de Marseille U19 CS Sedan-Ardennes 7 Rahmane Barry
0%
Aucun quiz correspondant
Distribution des résultats
% des personnes avec chaque résultat
Percentile par nombre de réponses
Votre historique - résultats
Vous n’avez pas pris ce quiz